Hệ thống máy và thiết bị lạnh ( Sách chào mừng 50 năm Đại học Bách Khoa Hà Nội)

Sách trình bày vai trò các hệ thống lạnh trong nền kinh tế quốc dân. Giới thiệu hệ thống và thiết bị kho lạnh bảo quản, lạnh máy đá, thiết bị cấp đông... cùng với qui hoạch mặt bằng nhà máy chế biến thực phẩm và hệ thống điện động l...

Descripció completa

Guardat en:
Dades bibliogràfiques
Autor principal: Đinh, Văn Thuận
Format: Llibre
Idioma:Undetermined
Publicat: Hà Nội Khoa học và Kỹ thuật 2006
Matèries:
Etiquetes: Afegir etiqueta
Sense etiquetes, Sigues el primer a etiquetar aquest registre!
Thư viện lưu trữ: Trung tâm Học liệu Trường Đại học Cần Thơ
LEADER 01253nam a2200217Ia 4500
001 CTU_101130
008 210402s9999 xx 000 0 und d
020 |c 65000 
082 |a 621.57 
082 |b Th502 
100 |a Đinh, Văn Thuận 
245 0 |a Hệ thống máy và thiết bị lạnh 
245 0 |b ( Sách chào mừng 50 năm Đại học Bách Khoa Hà Nội) 
245 0 |c Đinh Văn Thuận 
260 |a Hà Nội 
260 |b Khoa học và Kỹ thuật 
260 |c 2006 
520 |a Sách trình bày vai trò các hệ thống lạnh trong nền kinh tế quốc dân. Giới thiệu hệ thống và thiết bị kho lạnh bảo quản, lạnh máy đá, thiết bị cấp đông... cùng với qui hoạch mặt bằng nhà máy chế biến thực phẩm và hệ thống điện động lực, điều khiển, bảo vệ, thiết bị lắp đặt, thử nghiệm, bảo dưỡng, sửa chữa, khắc phục hệ thống lạnh. 
650 |a Low temperature engineering,Refrigeration and refrigerating machinery 
904 |i M.Loan 
980 |a Trung tâm Học liệu Trường Đại học Cần Thơ